Statistics for Longest Pink Floyd Song per album

Click here to take the quiz!

General Stats

  • This quiz has been taken 190 times
  • The average score is 10 of 15

Answer Stats

AlbumTimeSong% Correct
Animals17:05Dogs
97%
Meddle23:32Echoes
96%
Wish You Were Here13:31Shine on you Crazy Diamond Pts. 1-5
94%
Atom Heart Mother23:41Atom Heart Mother
91%
Dark Side of the Moon7:49Us and Them
91%
The Wall6:22Comfortably Numb
88%
The Piper at the Gates of Dawn9:40Interstellar Overdrive
70%
A Saucerful of Secrets11:56A Saucerful of Secrets
69%
Ummagumma12:48A Saucerful of Secrets (Live)
69%
The Division Bell8:31High Hopes
64%
A Momentary Lapse of Reason8:44Sorrow
53%
The Endless River6:32Louder Than Words
41%
Obscured by Clouds5:50Absolutely Curtains
35%
More7:13Quicksilver
30%
The Final Cut5:18The Gunner's Dream
29%

Score Distribution

Percentile by Number Answered

Percent of People with Each Score

Your Score History

You have not taken this quiz